| 000 | 00679cam a2200205 4500 | ||
|---|---|---|---|
| 001 | ABS61137 | ||
| 008 | 000000n1999 000 0 eng u | ||
| 035 | _a(Sirsi) u101702 | ||
| 100 | _aMorphet, J. | ||
| 245 | _aModernising planning? | ||
| 260 | _c1999 | ||
| 490 |
_aPlanning (for the Natural and Built Environment) _v(1333) 27 August 1999, 18(1) |
||
| 520 | _aIllustrates the need to update the planning system, which is in danger of becoming out of touch, especially with the introduction of best value. | ||
| 650 | _aBEST VALUE | ||
| 650 | _aFORECASTS | ||
| 650 | _aPLANNING SYSTEM | ||
| 650 | _aMODERNISATION | ||
| 690 | _aPLANNING LAW AND PRACTICE | ||
| 942 | _n0 | ||
| 999 |
_c60827 _d60827 |
||